000 01050nam a2200301Ia 4500
003 OSt
005 20221006160555.0
006 a|||||r|||| 00| 0
007 ta
008 221006b |||||||| |||| 00| 0 eng d
020 _a9781938169090
_c
_39.95
024 _a45,529
037 _b5737, 20/03/2015, Orange Books International
_cTextual
040 _aEASL
_cEASL
_beng
041 _2eng
_aeng
082 _aY:1v.41.A, Q4
100 _aChen Jack W. Ed.
_9674205
245 0 _aIdle talk
_b Gossip and anecdote in traditional China
260 _aBerkeley
_bUniversity of California Press
_c2014
300 _a258p.
_ccm.
490 _v CEL
_aNew perspectives on Chinese culture and society
650 _a CEL
650 _a China - Oral sources and written accounts
_9674206
650 _aChina - Tales from borderland
_9674207
700 _a Schaberg David Ed.
_9674208
942 _hY:1v.41.A, Q4
_cTEXL
_2CC
999 _c1113621
_d1113621